000 00670nam a2200253Ia 4500
001 38983
005 20240114002034.0
007 ta
008 070809s2004 a g b000 u 465 u
040 _aCotton College Assam
041 _a465
082 _a581.6
_bSi 61 Bi
100 _aSingh, B.K. .
245 0 _aBiodiversity Conservation and Management /
_cB.K.Singh.
_hTextual Documents
250 _a1st ed. /
260 _aJaipur :
_bMangal Deep Publications ,
_c2004.
300 _aviii,586p. :
_bill ;
_c22cm .
504 _aIndex
653 _aBiodiversity
653 _aG-Botany
942 _2ddc
_cBK
999 _c38955
_d38955